[Event "Mislata 2017 Torneo A"]
[Site "Mislata ESP"]
[Date "2017.08.13"]
[Round "9.5"]
[White "Balada Moreno, Jose Luis"]
[Black "Garcia Fernandez, Carlos"]
[Result "0-1"]
[WhiteElo "1991"]
[BlackElo "2295"]
[PlyCount "80"]
[EventDate "2017.08.07"]
[EventType "swiss"]
[EventRounds "9"]
[EventCountry "ESP"]
[SourceTitle "Ajedrez en Madrid"]
[Source "lmi"]
[SourceDate "2017.08.07"]

1. Nf3 d5 2. g3 c5 3. Bg2 Nc6 4. d3 g6 5. Nbd2 Bg7 6. O-O e6 7. e4 Nge7 8. Re1
b6 9. h4 h6 10. Qe2 O-O 11. Nf1 Ba6 12. e5 d4 13. N1h2 Nd5 14. a3 Rc8 15. h5 g5
16. Qe4 Re8 17. Bh3 Kh8 18. g4 Bb7 19. Nf1 Ne3 20. Nxe3 Na5 21. Nd5 Bxd5 22.
Qe2 Nc6 23. Bg2 Qd7 24. Bd2 a5 25. c4 Bxf3 26. Bxf3 Nxe5 27. Be4 f5 28. Bf3 Rf8
29. a4 Qf7 30. Rf1 Rce8 31. Rae1 fxg4 32. Bxg4 Nf3+ 33. Kg2 Nxe1+ 34. Rxe1 Re7
35. Bf3 Qe8 36. Be4 Qxa4 37. Qg4 e5 38. Kg3 Qc2 39. Re2 Qd1 40. Bg6 e4 0-1